| 000 | 00864nam a22002297a 4500 | ||
|---|---|---|---|
| 003 | OSt | ||
| 005 | 20250808080639.0 | ||
| 008 | 240523b |||||||| |||| 00| 0 eng d | ||
| 020 | _a9786214271290 | ||
| 040 |
_aDWC-Main Lib _cOC |
||
| 082 | _aFil. 001.4 M722u 2023 | ||
| 100 | _aMolines - Siniguian, Madonna, S. | ||
| 245 |
_aUnderstanding research design and methods: _bbasic business approach for undergraduate level/ _cMadonna S. Molines - Siniguian [and two others] |
||
| 260 |
_aIntramuros, Manila: _bUnlimited Books Library Servcies and Publishing Inc., _cc2023. |
||
| 300 |
_avii. 142 pages : _billustrations ; _c26cm. |
||
| 504 | _aIncludes bibliographical references. | ||
| 650 | _a1. Methods of research. | ||
| 650 | _a2. Writing a research. | ||
| 700 | _aEspares- Ciocon, Jewelyn C. | ||
| 700 | _aSison, Jerome G. | ||
| 942 |
_2ddc _cBK - FIL _kFil. _n0 |
||
| 999 |
_c46 _d46 |
||